The M-type stars (Record no. 10288)

MARC details
000 -LEADER
fixed length control field 00696nam a2200193Ia 4500
003 - CONTROL NUMBER IDENTIFIER
control field IN-BaIIA
008 - FIXED-LENGTH DATA ELEMENTS--GENERAL INFORMATION
fixed length control field 211028s9999 xx 000 0 eng d
040 ## - CATALOGING SOURCE
Transcribing agency IIA Library
080 ## - UNIVERSAL DECIMAL CLASSIFICATION NUMBER
Universal Decimal Classification number 524.316.7(082.2)
Item number JOH
100 ## - MAIN ENTRY--PERSONAL NAME
Personal name Johnson, Hollis R.
9 (RLIN) 17497
245 #4 - TITLE STATEMENT
Title The M-type stars
Statement of responsibility, etc. Hollis R. Johnson and Francois R. Querci
260 ## - PUBLICATION, DISTRIBUTION, ETC.
Place of publication, distribution, etc. Washington
Name of publisher, distributor, etc. National Aeronautics and Space Administration
Date of publication, distribution, etc. 1986
300 ## - PHYSICAL DESCRIPTION
Extent lxxxii, 502p.
490 ## - SERIES STATEMENT
Series statement Mongraph series on nonthermal phenomena in stellar atmospheres
650 ## - SUBJECT ADDED ENTRY--TOPICAL TERM
Topical term or geographic name entry element Astronomy and astrophysics thesaurus
650 ## - SUBJECT ADDED ENTRY--TOPICAL TERM
Topical term or geographic name entry element M-type stars
9 (RLIN) 17498
700 ## - ADDED ENTRY--PERSONAL NAME
Personal name Querci, Francois R.
9 (RLIN) 17499
942 ## - ADDED ENTRY ELEMENTS (KOHA)
Koha item type Books
Holdings
Withdrawn status Lost status Damaged status Not for loan Home library Current library Shelving location Date acquired Total Checkouts Full call number Barcode Date last seen Price effective from Koha item type
        IIA Library-Bangalore IIA Library-Bangalore General Stacks 31/01/1992   524.316.7(082.2)/ JOH 11198 05/11/2021 31/01/1992 Books

Powered by Koha